[Event "Moscow-B"]
[Site "Moscow"]
[Date "1987.??.??"]
[Round "?"]
[White "Petrosian, Arshak B"]
[Black "Foisor, Ovidiu"]
[Result "1-0"]
[WhiteElo "2495"]
[BlackElo "2495"]

1.d4 Nf6 2.c4 e6 3.Nf3 c5 4.d5 d6 5.Nc3 exd5 6.cxd5 g6 7.Bf4 a6 8.Nd2 b5
9.a4 Nh5 10.Be3 f5 11.g4 fxg4 12.axb5 Nd7 13.Nc4 Nb6 14.Bg5 Qc7 15.bxa6 Nxc4
16.Qa4+ Kf7 17.Qxc4 Bg7 18.e3 Bf5 19.b4 Rhb8 20.b5 Bd7 21.Be2 h6 22.Bh4 g5
23.Bg3 Bxc3+ 24.Qxc3 Nf6 25.Qa5 Qxa5+ 26.Rxa5 Ke7 27.O-O h5 28.f4 gxf4 29.Bxf4 Ne4
30.Bd3 Nc3 31.Bg6 Be8 32.Bxe8 Kxe8 33.Bxd6 Rxb5 34.Rxb5 Nxb5 35.Rf8+ Kd7
36.Rxa8 Kxd6  1-0

[Event "Munich zt"]
[Site "Munich"]
[Date "1987.??.??"]
[Round "?"]
[White "Hertneck, Gerald"]
[Black "Kindermann, Stefan"]
[Result "1/2-1/2"]
[WhiteElo "2450"]
[BlackElo "2520"]

1.d4 Nf6 2.c4 e6 3.Nf3 c5 4.d5 exd5 5.cxd5 d6 6.Nc3 g6 7.g3 Bg7 8.Bg2 O-O
9.O-O a6 10.a4 Nbd7 11.Nd2 Re8 12.Ra2 h5 13.Nc4 Ne5 14.Nxe5 Rxe5 15.Bf4 Re8
16.a5 b5 17.axb6 Qxb6 18.Qa4 Bd7 19.Qa5 Reb8 20.Qxb6 Rxb6 21.Rfa1 Ne8 22.Nd1 Bb5
23.e4 Bc4 24.Ra5 Be2 25.Bf1 Bxd1 26.Rxd1 Rxb2 27.e5 dxe5 28.Be3 Bf8 29.Bxc5 Bxc5
30.Rxc5 Nd6 31.Rc6 Rd8 32.Rxa6 Ne4 33.Re1 Nxf2 34.Rxe5 Ng4 35.Re2 Rxe2 36.Bxe2 Ne3
37.Ra3 Nxd5 38.Rd3 Rd7 39.h4 Nf6 40.Rxd7 Nxd7 41.g4 hxg4 42.Bxg4 Ne5 43.Bd1 Kg7
44.Kf2 Kf6 45.Kg3 Nc4 46.Kf4 Nd6 47.Bb3 Ne8 48.Kg4 Ng7 49.Ba2 Nf5 50.Bb3 Ng7
51.Ba2 Ne6 52.h5 g5 53.h6 Kg6 54.Bxe6 fxe6 55.h7 Kxh7  1/2-1/2

[Event "Namestovo"]
[Site "Namestovo"]
[Date "1987.??.??"]
[Round "4"]
[White "Lechtynsky, Jiri"]
[Black "Luther, Thomas"]
[Result "1-0"]
[WhiteElo "2455"]
[BlackElo "2425"]

1.d4 Nf6 2.Nf3 e6 3.c4 c5 4.d5 exd5 5.cxd5 d6 6.Nc3 g6 7.Bg5 h6 8.Bh4 g5
9.Bg3 Nh5 10.e3 Nxg3 11.hxg3 Bg7 12.Nd2 Nd7 13.Nc4 Ne5 14.Nxe5 Bxe5 15.Bd3 Bd7
16.Qc2 a6 17.a4 b5 18.f4 Bg7 19.axb5 axb5 20.Rxa8 Qxa8 21.Kf2 gxf4 22.gxf4 O-O
23.Bh7+ Kh8 24.Bf5 b4 25.Bxd7 bxc3 26.bxc3 Qxd5 27.c4 Qb7 28.Bg4 Rb8 29.Qf5 Qe7
30.Be2 Re8 31.Rh3 Qe6 32.Bd3 Qxf5 33.Bxf5 Rb8 34.Be4 Kg8 35.Bd5 Kf8 36.Kf3 Ke7
37.Ke4 Kf6 38.Rh5 Re8+ 39.Kf3 Ke7 40.Rh1 Rc8 41.Rb1 Rc7 42.Kg4 Kf6 43.Rb8 Ra7
44.g3 Rc7 45.Rg8 Ra7 46.e4 Ra3 47.Rb8 Ra7 48.Rg8 Ra3 49.Rc8 Ra7 50.Rb8 Ke7
51.Kf5 Rc7 52.Ra8 Bd4 53.g4 Be3 54.Ra6 Bd4 55.Bc6 Kf8 56.Bb5 Kg7 57.Rxd6 Ra7
58.e5 Rb7 59.Ra6 Rc7 60.Bc6 Re7 61.Bd5 Rc7 62.Ra8 Re7 63.Ra2 Bg1 64.Ra6 Bf2
65.Rd6 Bg1 66.Rd8 Bf2 67.Ke4 Bd4 68.Bc6 Rc7 69.Kd5 Kh7 70.Kd6 Ra7 71.Be4+ Kg7
72.f5 Ra6+ 73.Kd5  1-0

[Event "Namestovo"]
[Site "Namestovo"]
[Date "1987.??.??"]
[Round "5"]
[White "Naumkin, Igor"]
[Black "Nun, Jiri"]
[Result "1/2-1/2"]
[WhiteElo "2470"]
[BlackElo "2460"]

1.d4 Nf6 2.Nf3 e6 3.c4 c5 4.d5 exd5 5.cxd5 d6 6.Nc3 g6 7.Bf4 a6 8.a4 Bg7
9.e4 Bg4 10.Be2 Bxf3 11.Bxf3 O-O 12.O-O Qe7 13.Re1 Nbd7 14.Qd2 Rab8 15.Be2 Rfc8
16.a5 Ne8 17.Bg4 b5 18.axb6 Rxb6 19.e5 dxe5 20.Bxd7 Qxd7 21.Bxe5 Bxe5 22.Rxe5 Nd6
23.Qe2 c4 24.h4 Rcb8 25.h5 Rxb2 26.Qf3 R2b6 27.Rae1 Qd8 28.Qf4 Qf8 29.h6 Rb3
30.R5e3 a5 31.g4 a4 32.Nxa4 Rxe3 33.Rxe3 f6 34.Re6 Nf7 35.Nc3 Ra8 36.Ne4 Qxh6
37.Nxf6+ Kg7 38.Nh5+ Kf8 39.Qxc4 Qd2 40.Qc5+ Kg8 41.Nf6+ Kg7 42.Kg2 Qd3 43.Ne8+ Kg8
44.Re3 Qd2 45.Nf6+ Kg7 46.Ne4 Ra5 47.Qc3+ Qxc3 48.Nxc3 Rc5 49.Kf3 Rc4 50.Nb5 Rc5
51.Nc3 Rc4 52.Ne2 Ng5+ 53.Kg3 Ne4+ 54.Kg2 Nf6 55.d6 Rxg4+ 56.Kf3 Ra4 57.Nf4 Kh6
58.Re6 Ra3+ 59.Ke2 Kg5 60.Nd3 Ra4 61.f4+ Kf5 62.Re5+ Kg4 63.Rg5+ Kh4 64.Rg1 Rd4
65.Ne1 Kh5 66.Nd3  1/2-1/2

[Event "Netanya op"]
[Site "Netanya"]
[Date "1987.??.??"]
[Round "10"]
[White "Sabi, Yoseph"]
[Black "Maus, Soenke"]
[Result "1-0"]
[WhiteElo "2235"]
[BlackElo "2385"]

1.d4 Nf6 2.c4 c5 3.d5 e6 4.Nc3 exd5 5.cxd5 d6 6.Nf3 g6 7.g3 Bg7 8.Bg2 O-O
9.O-O Re8 10.Nd2 Nbd7 11.h3 a6 12.a4 Rb8 13.a5 b5 14.axb6 Nxb6 15.Re1 c4
16.Nf3 Bb7 17.e4 Nfd7 18.Be3 Qc7 19.Nd4 Ne5 20.Re2 Nd3 21.Rb1 Rbc8 22.Kh2 Ba8
23.f4 Nd7 24.Qa4 Bb7 25.Bg1 Re7 26.e5 Nb6 27.Qa5 dxe5 28.Nc6 Bxc6 29.Bxb6 Qd6
30.Ne4 Qb8 31.dxc6 Rxc6 32.Bg1 exf4 33.Nf6+ Rxf6 34.Rxe7 Bf8 35.Rb7  1-0

[Event "New York op"]
[Site "New York"]
[Date "1987.??.??"]
[Round "?"]
[White "Silman, Jeremy D"]
[Black "Bonin, Jay R"]
[Result "1-0"]
[WhiteElo "2345"]
[BlackElo "2425"]

1.d4 Nf6 2.c4 e6 3.Nf3 c5 4.d5 exd5 5.cxd5 d6 6.Nc3 g6 7.Bf4 a6 8.a4 Bg7
9.e4 O-O 10.Be2 Bg4 11.O-O Bxf3 12.Bxf3 Ne8 13.Qd2 Nd7 14.Bg5 f6 15.Be3 Nc7
16.Be2 Re8 17.Rab1 b5 18.axb5 axb5 19.b4 c4 20.Bd4 f5 21.Bxg7 Kxg7 22.exf5 gxf5
23.Bh5 Rf8 24.f4 Qf6 25.Rbe1 Ra3 26.Re3 Rfa8 27.Rfe1 Kf8 28.h3 Ra1 29.Bd1 R8a3
30.Kh2 Nb6 31.Qe2 Nbxd5 32.Nxd5 Nxd5 33.Rxa3 Rxa3 34.Qe8+ Kg7 35.Bf3 Nxf4
36.Re7+ Kh6 37.Rf7 Qe5 38.Qf8+ Kg5 39.Qd8+ Kh6 40.Qf8+ Kg5 41.h4+ Kxh4 42.Qd8+  1-0

[Event "New York op"]
[Site "New York"]
[Date "1987.??.??"]
[Round "?"]
[White "Silman, Jeremy D"]
[Black "Ardaman, Miles"]
[Result "0-1"]
[WhiteElo "2345"]
[BlackElo "2395"]

1.d4 Nf6 2.c4 e6 3.Nf3 c5 4.d5 exd5 5.cxd5 d6 6.Nc3 g6 7.Bf4 a6 8.a4 Bg7
9.e4 O-O 10.Be2 Qe7 11.Nd2 Nbd7 12.O-O Ne5 13.Bxe5 Qxe5 14.Nc4 Qe7 15.e5 dxe5
16.Nb6 Rb8 17.d6 Qd8 18.a5 Be6 19.Qd2 Nd7 20.Nca4 Nxb6 21.Nxb6 e4 22.Bc4 Qf6
23.Rad1 Rbd8 24.b4 cxb4 25.Qxb4 Bg4 26.Rd5 Rfe8 27.d7 Re5 28.h3 Bf5 29.Rfd1 e3
30.fxe3 Rxe3 31.Qc5 Bh6 32.Qc7 Qh4 33.Rxf5 gxf5 34.Rf1 f4 35.Nd5 Re4 36.Qc5 Bg7
37.Ne7+ Qxe7 38.Qf5 Rxc4  0-1

[Event "New York op"]
[Site "New York"]
[Date "1987.??.??"]
[Round "?"]
[White "Ftacnik, Lubomir"]
[Black "Suba, Mihai"]
[Result "1-0"]
[WhiteElo "2540"]
[BlackElo "2560"]

1.d4 Nf6 2.c4 e6 3.Nf3 c5 4.d5 d6 5.Nc3 exd5 6.cxd5 g6 7.Nd2 Bg7 8.e4 O-O
9.Be2 Na6 10.O-O Nc7 11.a4 b6 12.Re1 Re8 13.Rb1 h5 14.f3 Nd7 15.Nc4 Ne5 16.Be3 Rb8
17.Qd2 Nxc4 18.Bxc4 f5 19.Bg5 Qd7 20.exf5 Qxf5 21.Nb5 Rxe1+ 22.Rxe1 Nxb5
23.Re8+ Kh7 24.Bxb5 Qb1+ 25.Kf2 Bxb2 26.Bd3 Bd4+ 27.Be3 Qa1 28.Re7+ Kg8 29.Bxg6 Qxa4
30.Bxd4 Qxd4+ 31.Qxd4 cxd4 32.Rxa7 b5 33.Ke2 Bb7 34.Be4 h4 35.Kd3 Kf7 36.Kxd4 Kf6
37.f4 Bc8 38.Rh7 h3 39.Rh6+ Kg7 40.Rg6+ Kf7 41.g4 b4 42.f5 b3 43.Kc3 b2 44.Bb1 Rb6
45.g5 Bb7 46.f6 Bxd5 47.Rg7+ Kf8 48.g6 Rb3+ 49.Kd4 Rf3 50.Kxd5  1-0

[Event "New York op"]
[Site "New York"]
[Date "1987.??.??"]
[Round "?"]
[White "Paunovic, Dragan"]
[Black "Gurevich, Dmitry"]
[Result "1/2-1/2"]
[WhiteElo "2465"]
[BlackElo "2535"]

1.d4 Nf6 2.c4 e6 3.Nf3 c5 4.d5 exd5 5.cxd5 d6 6.Nc3 g6 7.Nd2 Bg7 8.e4 O-O
9.Be2 Ne8 10.O-O Na6 11.Nc4 f5 12.Kh1 Nac7 13.a4 Bxc3 14.bxc3 fxe4 15.Nd2 Qe7
16.c4 Ng7 17.Qc2 Bf5 18.Qc3 g5 19.Bb2 Rae8 20.Rae1 Qd7 21.Bd1 Re7 22.Bc2 Nce8
23.Bxe4 Nf6 24.Bxf5 Nxf5 25.Rxe7 Qxe7 26.Nf3 Qg7 27.Qc1 h6 28.h3 g4 29.hxg4 Qxg4
30.Qc3 Kh7 31.Nh2 Qh4 32.Kg1 Nd4 33.Qd3+ Qe4 34.Qxe4+ Nxe4 35.Bxd4 cxd4 36.Rd1 Nc3
37.Rd2 Rc8 38.Nf3 Rxc4 39.Kh2 Rxa4 40.Rxd4 Rxd4 41.Nxd4 Nxd5 42.Nb5 a5 43.Nxd6 b6
44.Nb5 a4 45.Kg3 Nc7 46.Na3 b5 47.Nc2 Nd5 48.Kf3 b4 49.Ke4 b3 50.Na3 Nb4
51.Ke3 Kg6 52.Kd2 Nd5 53.g3 Kf5 54.f3 Nb4 55.Kc3 Nc6 56.Nc4 Ne5 57.Ne3+ Kg6
58.f4 Nd7 59.g4 Nc5 60.Nc4 Kg7 61.Kb4 Nd3+ 62.Kxa4 b2 63.Nd2 Nxf4 64.Kb3 Kg6
65.Kxb2 Kg5 66.Kc2 Kxg4 67.Kd1 Kg3 68.Ne4+ Kf3 69.Nf6 Nd3 70.Kd2 Nf4 71.Ke1 Kg2
72.Kd2  1/2-1/2

[Event "New York op"]
[Site "New York"]
[Date "1987.??.??"]
[Round "?"]
[White "Andruet, Gilles"]
[Black "Gruenfeld, Yehuda"]
[Result "0-1"]
[WhiteElo "2405"]
[BlackElo "2535"]

1.d4 Nf6 2.c4 e6 3.Nf3 c5 4.d5 exd5 5.cxd5 d6 6.Nc3 g6 7.Nd2 Nbd7 8.e4 Bg7
9.Nc4 Nb6 10.Ne3 O-O 11.Bd3 Re8 12.O-O c4 13.Bc2 Bd7 14.a4 Qc7 15.Bd2 a6
16.f4 Rac8 17.Qf3 Na8 18.Ncd1 Qc5 19.Kh1 b5 20.axb5 axb5 21.e5 dxe5 22.fxe5 Rxe5
23.Bc3 Qd6 24.Qf4 Nh5 25.Qxf7+ Kh8 26.Bxe5 Bxe5 27.Ra7 Nc7 28.Bf5 Nf6 29.Bxd7 Rf8
30.Qxf8+ Qxf8 31.Ng4 Qd6 32.Nxe5 Qxe5 33.Be6 Nce8 34.Rf7 b4 35.Rb7 c3 36.bxc3 bxc3
37.Nf2 c2 38.Ra7 Qd4 39.Raa1 Nd6 40.Rae1 Nc4 41.Re2 Nd2 42.Rfe1 h5 43.h3 h4
44.Ng4 Nfe4 45.Kh2 Ng3  0-1

[Event "NLD-chT"]
[Site "NLD"]
[Date "1987.??.??"]
[Round "?"]
[White "Piket, Jeroen"]
[Black "Riemersma, Liafbern"]
[Result "1-0"]
[WhiteElo "2405"]
[BlackElo "2395"]

1.d4 Nf6 2.Nf3 e6 3.c4 c5 4.d5 exd5 5.cxd5 d6 6.Nc3 g6 7.Bg5 h6 8.Bh4 g5
9.Bg3 Nh5 10.Nd2 Nxg3 11.hxg3 a6 12.e3 b5 13.a4 b4 14.Nce4 g4 15.Nc4 f5 16.Ned2 Bg7
17.a5 Ra7 18.Qc2 Rf7 19.Qa4+ Ke7 20.O-O-O h5 21.Bd3 Nd7 22.f4 Nf6 23.Qc6 Qd7
24.Qxd7+ Bxd7 25.Nb6 Ne4 26.Nxe4 fxe4 27.Bxa6 Kd8 28.Be2 Kc7 29.Kc2 Bf5 30.Kb3 Bf6
31.Ra1 Kb7 32.Bb5 Bd8 33.Nc4 Bc7 34.Nd2 Rfh7 35.Rhc1 h4 36.gxh4 g3 37.Rc4 Rxh4
38.Nxe4 Bxe4 39.Rxe4 Rh2 40.Re7 R8h7 41.Re8 Rh8 42.a6+ Ka7 43.Rxh8 Rxh8 44.Kc2 Rh2
45.Rg1  1-0

[Event "Oslo"]
[Site "Oslo"]
[Date "1987.??.??"]
[Round "?"]
[White "Welin, Thomas"]
[Black "Elseth, Roar"]
[Result "1-0"]
[WhiteElo "2400"]
[BlackElo "2305"]

1.d4 Nf6 2.Nf3 e6 3.c4 c5 4.d5 exd5 5.cxd5 d6 6.Nc3 g6 7.Bf4 Bg7 8.Qa4+ Bd7
9.Qb3 b5 10.Bxd6 Qb6 11.Be5 c4 12.Qd1 O-O 13.e3 Re8 14.Be2 Bf5 15.Bd4 Qa5
16.a4 b4 17.Nb5 Rd8 18.Nd2 Nxd5 19.Nxc4 Qa6 20.Bxg7 Kxg7 21.e4  1-0

[Event "Porabka"]
[Site "Porabka"]
[Date "1987.??.??"]
[Round "6"]
[White "Genov, Petar"]
[Black "Rakowiecki, Tomasz"]
[Result "1/2-1/2"]
[WhiteElo "2375"]
[BlackElo "2365"]

1.d4 Nf6 2.Nf3 c5 3.d5 e6 4.c4 exd5 5.cxd5 d6 6.Nc3 g6 7.e4 Bg7 8.Bf4 O-O
9.Be2 a6 10.a4 Bg4 11.O-O Qe7 12.Nd2 Bxe2 13.Qxe2 Nbd7 14.Nc4 Ne8 15.Rfe1 Bd4
16.Bg3 Ne5 17.Nb6 Rd8 18.Kh1 g5 19.f4 gxf4 20.Bxf4 f5 21.exf5 Rxf5 22.Rf1 Ng7
23.Nc4 Rdf8 24.Bxe5 Bxe5 25.Rxf5 Rxf5 26.g4 Rf4 27.Nxe5 Qxe5 28.Qxe5 dxe5
29.Re1 Rxg4 30.Rxe5 Rd4 31.Ne4 b6 32.a5 bxa5 33.Nxc5 Kf7 34.Ne4 Ne8 35.Kg2 Nf6  1/2-1/2

[Event "PRC-ch"]
[Site "?"]
[Date "1987.??.??"]
[Round "?"]
[White "Qi Jingxuan"]
[Black "Liu Wenzhe"]
[Result "0-1"]
[WhiteElo "2440"]
[BlackElo "2400"]

1.d4 Nf6 2.c4 c5 3.d5 e6 4.Nc3 exd5 5.cxd5 d6 6.Nf3 g6 7.Bf4 a6 8.e4 Bg7
9.Qa4+ Bd7 10.Qb3 Qe7 11.Qxb7 Nxe4 12.Nxe4 Qxe4+ 13.Be2 Qxf4 14.O-O O-O 15.Qxa8 Bg4
16.h3 Bxf3 17.Bxf3 Be5 18.Rfe1 Qh2+ 19.Kf1 Bxb2 20.Rab1 Nd7 21.Qc6 Qh1+ 22.Ke2 Re8+
23.Kd2 Rxe1 24.Rxe1 Bc3+ 25.Kxc3 Qxe1+ 26.Kc2 Ne5 27.Qxd6 Qxf2+ 28.Kb3 Qd4
29.Qxa6 Kg7 30.Qe2 Nd3 31.Qd2 c4+ 32.Kc2 Kg8 33.Qc3 Qf2+ 34.Qd2 Qa7 35.Qe2 Qa3
36.Qd2 Qxa2+ 37.Kd1 Qa1+ 38.Ke2 Qd4 39.Qe3 Qb2+  0-1

[Event "PRC-ch"]
[Site "?"]
[Date "1987.??.??"]
[Round "?"]
[White "Lin Ta"]
[Black "Sun, Qinan"]
[Result "1-0"]
[WhiteElo "2345"]
[BlackElo "2250"]

1.d4 Nf6 2.c4 e6 3.Nf3 c5 4.d5 exd5 5.cxd5 d6 6.Nc3 g6 7.e4 Bg7 8.Be2 O-O
9.Nd2 Nbd7 10.O-O Re8 11.f4 c4 12.Kh1 Nc5 13.e5 dxe5 14.fxe5 Rxe5 15.Nxc4 Rf5
16.Bf3 Ng4 17.Ne3 Nxe3 18.Bxe3 b6 19.Bd4 Ba6 20.Bxg7 Kxg7 21.b4 Nd7 22.Re1 Rc8
23.Ne4 Ne5 24.Ng3 Rg5 25.Qd4 f6 26.d6 Rc4 27.Qd2 Rh4 28.Re4 Nxf3 29.gxf3 Rxe4
30.Nxe4 Re5 31.Rc1 g5 32.Rc7+ Kh6 33.h4 Qe8 34.hxg5+ Kg6 35.Qh2  1-0

[Event "PRC-chT"]
[Site "?"]
[Date "1987.??.??"]
[Round "?"]
[White "Lin Ta"]
[Black "Liu Wenzhe"]
[Result "1-0"]
[WhiteElo "2380"]
[BlackElo "2395"]

1.d4 Nf6 2.c4 c5 3.d5 e6 4.Nc3 exd5 5.cxd5 d6 6.Nf3 g6 7.Nd2 Bg7 8.Nc4 O-O
9.Bf4 Nh5 10.Bxd6 Re8 11.a4 Nd7 12.Bg3 Nb6 13.Nxb6 Qxb6 14.Qd2 f5 15.Bh4 Qb4
16.Bg5 f4 17.d6 Re5 18.Be7 Bd7 19.g3 Bc6 20.Rg1 f3 21.e3 Nf6 22.Bb5 Nd7 23.g4 a6
24.Bxc6 bxc6 25.Rg3 Nb6 26.Nd1 Qe4 27.Rc1 Ra7 28.Qc2 Qb4+ 29.Kf1 Rd5 30.Nc3 Qc4+
31.Kg1 Rd3 32.Rxf3 Bxc3 33.Rf4 Qd5 34.bxc3 Rd2 35.Qb1 Nd7 36.c4 Qd3 37.Qxd3 Rxd3
38.Rb1 Ra3 39.Re4 Rxa4 40.Bd8 Rb4 41.Re8+ Kf7 42.Re7+ Kf8 43.Rc1 Ra8 44.Rxd7 Ke8
45.Re7+ Kxd8 46.Rxh7 Rab8 47.e4 R4b7 48.Rxb7 Rxb7 49.Kg2  1-0

[Event "Pucarevo zt"]
[Site "Pucarevo"]
[Date "1987.??.??"]
[Round "6"]
[White "Atalik, Suat"]
[Black "Barlov, Dragan"]
[Result "1/2-1/2"]
[WhiteElo "2375"]
[BlackElo "2495"]

1.d4 Nf6 2.c4 e6 3.Nf3 c5 4.d5 exd5 5.cxd5 d6 6.Nc3 g6 7.Bf4 Bg7 8.Qa4+ Bd7
9.Qb3 Qc7 10.e4 O-O 11.Nd2 Nh5 12.Be3 f5 13.exf5 gxf5 14.Be2 Be8 15.Nf3 h6
16.O-O a6 17.Rae1 b5 18.Nh4 Qf7 19.Qd1 b4 20.Bxh5 Qxh5 21.Qxh5 Bxh5 22.Ne2 Bxe2
23.Rxe2 Nd7 24.Bf4 Ne5 25.Bxe5 Bxe5 26.Ng6 Rfe8 27.Rfe1 c4 28.Kf1 Rac8 29.f4 Kf7
30.Nxe5+ dxe5 31.fxe5 Rc5 32.Rd1 c3 33.bxc3 bxc3 34.e6+ Kf6 35.Rc2 Rd8 36.Re1 Ke7
37.Re5 Rdxd5 38.Rxd5 Rxd5 39.Rxc3 Kxe6 40.Rh3  1/2-1/2

[Event "Pucarevo zt"]
[Site "Pucarevo"]
[Date "1987.??.??"]
[Round "9"]
[White "Grivas, Efstratios"]
[Black "Hulak, Krunoslav"]
[Result "1/2-1/2"]
[WhiteElo "2375"]
[BlackElo "2540"]

1.d4 Nf6 2.c4 e6 3.Nf3 c5 4.d5 exd5 5.cxd5 d6 6.Nc3 g6 7.e4 Bg7 8.Bg5 h6
9.Bh4 a6 10.Nd2 b5 11.Be2 Nbd7 12.Qc2 Qe7 13.O-O g5 14.Bg3 h5 15.h3 h4 16.Bh2 Nh5
17.Bxh5 Rxh5 18.a4 b4 19.Nd1 Ne5 20.Ne3 Rb8 21.Ndc4 Rh6 22.Bxe5 Bxe5 23.Nxe5 Qxe5
24.Nc4 Qf4 25.Qc1 Qxc1 26.Raxc1 Bb7 27.f4 gxf4 28.Rxf4 Ke7 29.Rcf1 Rf8 30.Rg4 Bc8
31.Rg7 Bd7 32.b3 Rh5 33.Rf4 Be8 34.Kf2 Rfh8 35.Ke2 R8h6 36.Rg8 Rg6 37.Rxg6 fxg6
38.e5 dxe5 39.d6+ Ke6 40.Rf8 Bc6 41.Rc8  1/2-1/2

[Event "SWE-ch"]
[Site "Stockholm"]
[Date "1987.??.??"]
[Round "?"]
[White "Welin, Thomas"]
[Black "Cramling, Pia"]
[Result "1/2-1/2"]
[WhiteElo "2400"]
[BlackElo "2455"]

1.d4 Nf6 2.Nf3 c5 3.d5 e6 4.c4 exd5 5.cxd5 d6 6.Nc3 g6 7.Bf4 Bg7 8.Qa4+ Bd7
9.Qb3 b5 10.Bxd6 Qb6 11.Be5 O-O 12.e3 c4 13.Qd1 b4 14.Nb1 Bb5 15.a4 Ba6 16.Nbd2 c3
17.bxc3 Nxd5 18.Bxg7 Kxg7 19.c4 Nc3 20.Qc2 Re8 21.Nb1 Ne4 22.Nbd2 Nc3 23.Nb1 Ne4
24.Nbd2  1/2-1/2

[Event "SWE-ch"]
[Site "Stockholm"]
[Date "1987.??.??"]
[Round "?"]
[White "Renman, Nils Gustaf"]
[Black "Cramling, Pia"]
[Result "1/2-1/2"]
[WhiteElo "2455"]
[BlackElo "2455"]

1.d4 Nf6 2.Nf3 e6 3.c4 c5 4.d5 exd5 5.cxd5 d6 6.Nc3 g6 7.e4 Bg7 8.Nd2 O-O
9.Be2 Na6 10.O-O Nc7 11.a4 b6 12.Kh1 Rb8 13.f3 Qd7 14.Nc4 Ba6 15.Na3 Bxe2
16.Nxe2 a6 17.Nc4 b5 18.Na5 Nfe8 19.Nc6 Rb6 20.axb5 Nxb5 21.Re1 Na7 22.Na5 Nc7
23.Ra2 f5 24.Ng3 Rb4 25.exf5 Rd4 26.Qc2 gxf5 27.Nc6 Nxc6 28.dxc6 Qf7 29.Ra4 Re8
30.Rf1 Rxa4 31.Qxa4 c4 32.Bf4 Qd5 33.h3 Bxb2 34.Rd1 Qb5 35.Qa2 Be5 36.Bxe5 Rxe5
37.Rxd6 Re1+ 38.Kh2 Qc5 39.Rd8+ Kf7 40.h4 Qxc6 41.Qd2 Re8 42.Rd6 Qc5 43.Qh6 Ne6
44.Qxh7+ Kf6 45.Rd7 Rf8 46.Qh6+ Ke5 47.Qd2 Nf4 48.Qc3+ Ke6 49.Qg7 Nd5 50.Ne2 Ne7
51.Rd1 Qe5+ 52.Qxe5+ Kxe5 53.Ra1 Nd5 54.Rxa6 Rc8 55.h5 c3 56.h6 c2 57.g4 fxg4
58.fxg4 Nf4 59.Ra5+ Ke4 60.Nc1 Kf3 61.h7  1/2-1/2

[Event "URS-FL"]
[Site "Sverdlovsk"]
[Date "1987.??.??"]
[Round "?"]
[White "Timoshchenko, Gennadi A"]
[Black "Huzman, Alexander"]
[Result "1/2-1/2"]
[WhiteElo "2490"]
[BlackElo "2500"]

1.d4 Nf6 2.c4 e6 3.Nf3 c5 4.d5 exd5 5.cxd5 d6 6.Nc3 g6 7.Bg5 h6 8.Bh4 g5
9.Bg3 Nh5 10.e3 Nxg3 11.hxg3 Bg7 12.Qc2 a6 13.a4 Nd7 14.Bd3 Qe7 15.Bf5 Ne5
16.O-O Bxf5 17.Qxf5 Qd7  1/2-1/2

[Event "Tel Aviv"]
[Site "Tel Aviv"]
[Date "1987.??.??"]
[Round "?"]
[White "Blees, Albert"]
[Black "Maus, Soenke"]
[Result "1-0"]
[WhiteElo "2345"]
[BlackElo "2385"]

1.d4 Nf6 2.c4 e6 3.Nf3 c5 4.d5 exd5 5.cxd5 d6 6.Nc3 g6 7.g3 Bg7 8.Bg2 O-O
9.O-O Re8 10.Bf4 Nh5 11.Bg5 Qd7 12.Qb3 h6 13.Bc1 Na6 14.Re1 Rb8 15.Nb5 b6
16.Bd2 Nf6 17.Bf4 Re4 18.a4 Rb4 19.Qc2 Nxd5 20.Bxd6 Rxb5 21.axb5 Nab4 22.Qd2 Qxd6
23.e4 Be6 24.exd5 Qxd5 25.Qf4 Rf8 26.Red1 Qb3 27.Rd2 Bf5 28.Ra3 Qe6 29.Bf1 Nc2
30.Rxa7 g5 31.Qd6 Qe4 32.Qc6 Qg4 33.Bd3 Bxd3 34.Rxd3 Nb4 35.Qd7 Qe4 36.Re3 Qb1+
37.Kg2 Qxb2 38.Re8 Qf6 39.Ne5 Rxe8 40.Qxe8+ Kh7  1-0

[Event "Tel Aviv"]
[Site "Tel Aviv"]
[Date "1987.??.??"]
[Round "?"]
[White "De Boer, Gert Jan"]
[Black "Maus, Soenke"]
[Result "0-1"]
[WhiteElo "2410"]
[BlackElo "2385"]

1.d4 Nf6 2.Nf3 c5 3.d5 e6 4.c4 exd5 5.cxd5 d6 6.Nc3 g6 7.Nd2 Nbd7 8.e4 Bg7
9.Be2 O-O 10.O-O Ne8 11.f4 a6 12.a4 b6 13.Nf3 Rb8 14.Bc4 Nc7 15.Qd3 Re8 16.e5 b5
17.axb5 axb5 18.Nxb5 Nxb5 19.Bxb5 dxe5 20.fxe5 Nxe5 21.Nxe5 Rxe5 22.Bc4 Bf5
23.Qf3 Re4 24.Ra4 Qd7 25.b3 Rbe8 26.h3 Bd4+ 27.Kh2 Re3 28.Qf4 Rc3 29.Qh6 Rc2
30.d6 Bg7 31.Qg5 h6 32.Qg3 Rxc1 33.Rxc1 Be5 34.Qxe5 Rxe5 35.Rd1 Re3 36.Ra5 Bxh3
37.Rxc5 Bxg2 38.Kxg2 Qg4+ 39.Kf2 Qf3+  0-1

[Event "Vrnjacka Banja"]
[Site "Vrnjacka Banja"]
[Date "1987.??.??"]
[Round "2"]
[White "Lukacs, Peter"]
[Black "Renet, Olivier"]
[Result "1-0"]
[WhiteElo "2500"]
[BlackElo "2455"]

1.d4 Nf6 2.c4 e6 3.Nf3 c5 4.d5 exd5 5.cxd5 d6 6.Nc3 g6 7.Nd2 Nbd7 8.e4 Bg7
9.Be2 O-O 10.O-O Re8 11.a4 Ne5 12.Ndb1 c4 13.Na3 a6 14.Bf4 b5 15.axb5 axb5
16.Naxb5 Ba6 17.Bxe5 Rxe5 18.Nd4 Re8 19.Nc6 Qc7 20.Qc2 Nd7 21.Rxa6 Rxa6 22.Nb5 Qb6
23.Nxd6 Rea8 24.Nxc4 Qc7 25.N4a5 R6a7 26.Re1 Nf6 27.d6 Qb6 28.Nxa7 Qxa5 29.Nc6 Qg5
30.g3  1-0

[Event "Vrnjacka Banja"]
[Site "Vrnjacka Banja"]
[Date "1987.??.??"]
[Round "8"]
[White "Drasko, Milan"]
[Black "Renet, Olivier"]
[Result "1-0"]
[WhiteElo "2465"]
[BlackElo "2455"]

1.d4 Nf6 2.c4 e6 3.Nf3 c5 4.d5 exd5 5.cxd5 d6 6.Nc3 g6 7.g3 Bg7 8.Bg2 O-O
9.O-O a6 10.a4 Nbd7 11.Bf4 Qe7 12.h3 Rb8 13.e4 b5 14.axb5 axb5 15.Re1 Ne8
16.Qe2 Rb6 17.Nxb5 Ba6 18.Rxa6 Rxa6 19.Nbd4 Nb8 20.Nc6 Rxc6 21.dxc6 Nxc6
22.Rd1 Ne5 23.Nxe5 dxe5 24.Be3 Nc7 25.Rc1 Ne6 26.Qb5 Qc7 27.b4 Rb8 28.Qa5 Rxb4
29.Qxc7 Nxc7 30.Bxc5 Ra4 31.Bd6 Ne6 32.Rc8+ Nf8 33.Re8 f6 34.f4 Rd4 35.Rd8 Kf7
36.f5 h5 37.Bf3 Bh6 38.h4 Rd2 39.Kf1 Rd4 40.Ke1 Bd2+ 41.Ke2 Bh6 42.Kf2 Rd3
43.Be2 Rd4 44.Bb5 gxf5 45.exf5 Nh7 46.Be8+ Kg8 47.Bxh5+ Bf8 48.Bc7 Rxd8 49.Bxd8 Bd6
50.Bg6 e4 51.Kg2 Be5 52.Bb6 Kg7 53.Be8 Nf8 54.Be3 Bc3 55.Kh3  1-0

[Event "Warsaw zt-B"]
[Site "Warsaw"]
[Date "1987.??.??"]
[Round "?"]
[White "Pinter, Jozsef"]
[Black "Suba, Mihai"]
[Result "1-0"]
[WhiteElo "2570"]
[BlackElo "2560"]

1.d4 Nf6 2.c4 e6 3.Nf3 c5 4.d5 d6 5.Nc3 exd5 6.cxd5 g6 7.Nd2 Nbd7 8.e4 Bg7
9.Be2 O-O 10.O-O Re8 11.a4 g5 12.Re1 Nf8 13.Bb5 Re7 14.a5 a6 15.Bd3 h6 16.Nc4 Ng6
17.Na4 Rb8 18.Nab6 Re8 19.Bd2 Qc7 20.Rc1 Nd7 21.b4 Nde5 22.Nxe5 Nxe5 23.Bc3 Bg4
24.Qd2 Qe7 25.bxc5 dxc5 26.Bc2 Bd7 27.d6 Qe6 28.Bxe5 Bxe5 29.Bb3 Qxb3 30.Nxd7 Rbd8
31.Nxc5 Qb5 32.d7 Re7 33.g3 Bc7 34.Red1 b6 35.Nxa6 Qxa6 36.Rxc7 bxa5 37.Qc3 Kh7
38.Rc8 Rdxd7 39.Rh8+ Kg6 40.Rg8+  1-0

[Event "Hoogovens-B"]
[Site "Wijk aan Zee"]
[Date "1987.??.??"]
[Round "?"]
[White "Piket, Jeroen"]
[Black "Winants, Luc"]
[Result "0-1"]
[WhiteElo "2405"]
[BlackElo "2415"]

1.d4 Nf6 2.Nf3 e6 3.c4 c5 4.d5 exd5 5.cxd5 d6 6.Nc3 g6 7.g3 Bg7 8.Bg2 O-O
9.O-O a6 10.a4 Nbd7 11.e4 Re8 12.Re1 c4 13.Bf1 Qc7 14.Qe2 Nc5 15.Qxc4 Bg4
16.Nd2 Nfd7 17.e5 Rxe5 18.Rxe5 Nxe5 19.Qf4 g5 20.Qb4 Bf5 21.Nce4 a5 22.Qc3 g4
23.Qe3 Re8 24.Nxc5 Nf3+ 25.Nxf3 Rxe3 26.Bxe3 gxf3 27.Nd3 Qd7 28.Ra3 Bh3 29.Bxh3 Qxh3
30.Ne1 Qf5 31.Rd3 Bxb2 32.Bb6 Qe4 33.Bxa5 Qxa4 34.Bd2 Qc4 35.Rxf3 Qxd5 36.Rd3 Qc6
37.h4 b5 38.h5 d5 39.h6 d4 40.Nf3 f6 41.Bf4 Qc4 42.Rd1 Bc3  0-1

[Event "Wuerzburg op"]
[Site "Wuerzburg"]
[Date "1987.??.??"]
[Round "7"]
[White "Bartels, Hans A"]
[Black "Schneider, Attila"]
[Result "0-1"]
[WhiteElo "2315"]
[BlackElo "2445"]

1.d4 Nf6 2.c4 e6 3.Nf3 c5 4.d5 exd5 5.cxd5 d6 6.Nc3 g6 7.Nd2 Nbd7 8.e4 Bg7
9.Nc4 Nb6 10.Ne3 O-O 11.Bd3 Re8 12.O-O a6 13.f4 Bd7 14.Qf3 Nc8 15.g4 b5 16.Ne2 b4
17.a4 Nb6 18.g5 Nh5 19.a5 Nc8 20.Ng3 Nxg3 21.hxg3 Bd4 22.Kg2 Ra7 23.e5 dxe5
24.fxe5 Bxe5 25.Qxf7+ Kh8 26.Qf3 Nd6 27.Nc4 Nxc4 28.Bxc4 Qc8 29.Rf2 Bg4 30.Qd3 Bf5
31.Qb3 Be4+ 32.Kh2 Qg4 33.Bf1 Qh5+ 34.Bh3 Bf5 35.Rxf5 gxf5  0-1

[Event "Zenica"]
[Site "Zenica"]
[Date "1987.??.??"]
[Round "?"]
[White "Cebalo, Miso"]
[Black "Horvath, Jozsef"]
[Result "1-0"]
[WhiteElo "2480"]
[BlackElo "2470"]

1.d4 Nf6 2.Nf3 e6 3.c4 c5 4.d5 exd5 5.cxd5 d6 6.Nc3 g6 7.Bg5 Bg7 8.Nd2 h6
9.Bh4 g5 10.Bg3 Nh5 11.Qa4+ Kf8 12.e3 a6 13.Qc2 b5 14.a4 b4 15.Nce4 Bf5 16.Bd3 Nxg3
17.hxg3 Nd7 18.O-O Bxe4 19.Bxe4 h5 20.Bf5 Ra7 21.Bxd7 Rxd7 22.Nc4 Qf6 23.f4 g4
24.Kf2 h4 25.Rh1 Rh5 26.gxh4 Rxh4 27.Kg3 Rh6 28.Rxh6 Qxh6 29.Qf5 Re7 30.Qxg4 Qh7
31.Rd1 Qc2 32.Nxd6 Rxe3+ 33.Kh2 Qh7+ 34.Kg1 Bd4 35.Qc8+ Ke7 36.Nf5+ Kf6 37.Rxd4 cxd4
38.g4 Re1+ 39.Kf2 Re4 40.Qd8+  1-0

[Event "Zuerich op"]
[Site "Zuerich"]
[Date "1987.??.??"]
[Round "4"]
[White "Nemet, Ivan"]
[Black "Tolnai, Tibor"]
[Result "1-0"]
[WhiteElo "2390"]
[BlackElo "2410"]

1.d4 Nf6 2.Nf3 e6 3.c4 c5 4.d5 exd5 5.cxd5 d6 6.Nc3 g6 7.e4 Bg7 8.Bg5 O-O
9.Nd2 a6 10.a4 Qc7 11.Be2 Nbd7 12.O-O Re8 13.Qc2 Rb8 14.Kh1 c4 15.f4 b5 16.axb5 axb5
17.e5 b4 18.Nce4 Nxe4 19.Nxe4 dxe5 20.Bxc4 Nb6 21.b3 Nxd5 22.Qf2 Nxf4 23.Qh4 Bb7
24.Bxf4 exf4 25.Ng5 h6 26.Nxf7 Qe7 27.Qxf4 Kh7 28.Rad1 Qe3 29.Qc7 Qe4 30.Qg3 Qc2
31.Rd7 Re3 32.Qg4 Ra8 33.Nd6 Rg8 34.Bxg8+ Kxg8 35.Rxg7+ Kxg7 36.Qd7+ Kg8
37.Qf7+ Kh8 38.Qf8+  1-0